Les couleurs en 7 langues étrangères - Statistiques

Statistiques générales
  • Ce quiz a été pris 102 fois
  • Le résultat moyen est 37 sur 98
Statistiques - réponses
Hint Couleurs Réponse % Correct
Italien Bleu Blu
97%
Anglais Bleu Blue
97%
Anglais Jaune Yellow
97%
Anglais Blanc White
96%
Anglais Noir Black
94%
Anglais Rouge Red
94%
Anglais Couleurs Colors
93%
Anglais Vert Green
92%
Anglais Orange Orange
92%
Allemand Orange Orange
92%
Anglais Rose Pink
91%
Anglais Or Gold
90%
Allemand Or Gold
90%
Anglais Violet Purple
87%
Anglais Gris Grey
86%
Anglais Marron Brown
84%
Espagnol Noir Negro
72%
Anglais Argent Silver
71%
Espagnol Blanc Blanco
69%
Espagnol Rose Rosa
68%
Italien Rose Rosa
68%
Portugais Rose Rosa
68%
Allemand Rose Rosa
68%
Espagnol Vert Verde
68%
Italien Vert Verde
68%
Portugais Vert Verde
68%
Roumain Vert Verde
68%
Roumain Gris Gri
63%
Espagnol Bleu Azul
62%
Portugais Bleu Azul
62%
Roumain Violet Violet
59%
Espagnol Marron Marron
58%
Espagnol Gris Gris
52%
Espagnol Rouge Rojo
51%
Espagnol Couleurs Colores
50%
Italien Couleurs Colores
50%
Espagnol Jaune Amarillo
48%
Espagnol Orange Naranja
48%
Espagnol Or Oro
46%
Italien Or Oro
46%
Roumain Marron Maro
38%
Italien Noir Nero
37%
Italien Blanc Bianco
36%
Allemand Bleu Blau
36%
Italien Rouge Rosso
32%
Espagnol Violet Violeta
32%
Allemand Rouge Rot
30%
Italien Argent Argento
29%
Allemand Vert Grün
29%
Allemand Noir Schwarz
27%
Allemand Blanc Weiss
23%
Allemand Jaune Gelb
22%
Italien Marron Marrone
22%
Allemand Couleurs Farben
20%
Allemand Violet Violett
20%
Allemand Marron Braun
19%
Allemand Gris Grau
19%
Néerlandais Orange Oranje
18%
Espagnol Argent Plata
18%
Italien Jaune Giallo
12%
Allemand Argent Silber
12%
Néerlandais Blanc Wit
12%
Portugais Blanc Branco
11%
Néerlandais Vert Groen
11%
Italien Gris Grigio
10%
Roumain Rose Roz
10%
Portugais Jaune Amarelo
9%
Italien Orange Arancione
9%
Néerlandais Bleu Blauw
9%
Portugais Orange Laranja
9%
Portugais Noir Preto
9%
Néerlandais Rouge Rood
9%
Italien Violet Viola
9%
Roumain Noir Negru
8%
Portugais Or Ouro
8%
Portugais Rouge Vermelho
8%
Roumain Blanc Alb
7%
Portugais Couleurs Cores
7%
Néerlandais Jaune Geel
7%
Néerlandais Gris Grijs
7%
Néerlandais Rose Roze
7%
Néerlandais Noir Zwart
7%
Portugais Gris Cinza
6%
Néerlandais Couleurs Kleuren
6%
Portugais Argent Prata
6%
Portugais Violet Roxo
6%
Néerlandais Argent Zilver
6%
Néerlandais Marron Bruin
4%
Roumain Rouge Rosu
4%
Roumain Bleu Albastru
3%
Portugais Marron Castanho
3%
Roumain Jaune Galben
3%
Néerlandais Or Goud
3%
Néerlandais Violet Paars
3%
Roumain Argent Argint
2%
Roumain Couleurs Culoares
2%
Roumain Orange Portocaliu
2%
Roumain Or Aurie
1%
Aucun quiz correspondant
Distribution des résultats
% des personnes avec chaque résultat
Percentile par nombre de réponses
Votre historique - résultats
Vous n’avez pas pris ce quiz